000 00308nam a22001337a 4500
008 170330b xxu||||| |||| 00| 0 eng d
020 _a9780894805776
041 _aeng
080 _a616-053.2
100 _a8
101 _aSHM
245 _aWHAT TO EXPECT THE FIRST YEAR
_cEISENBERG, A
942 _2udc
_cBK
999 _c9145
_d9145